Statistiken für Real Madrid Team 22/23

Klicken Sie hier um das Quiz zu spielen!

Allgemein

  • Dieses Quiz wurde 178 mal gespielt
  • Das Durchschnittsergebnis liegt bei 13 aus 20

Antwortstatistiken

HintNumberAntwort% Korrekt
Mittelfeld8Toni Kroos
87%
Verteidiger22Antonio Rüdiger
86%
Verteidiger4David Alaba
86%
Torwart1Thibaut Courtois
86%
Mittelfeld10Luka Modric
85%
Sturm7Vinicius Jr.
82%
Sturm11Rodrygo
79%
Verteidiger3Éder Militão
77%
Mittelfeld12Eduardo Camavinga
75%
Verteidiger2Daniel Carvajal
74%
Verteidiger23Ferland Mendy
71%
Torwart13Andriy Lunin
62%
Mittelfeld18Aurélien Tchouaméni
62%
Verteidiger6Nacho Fernández
60%
Mittelfeld15Federico Valverde
56%
Mittelfeld19Dani Ceballos
37%
Verteidiger17Lucas Vázquez
37%
Verteidiger24Jesús Vallejo
28%
Verteidiger16Álvaro Odriozola
15%
Sturm39Álvaro Rodríguez
5%

Verteilung der Resultate

Perzentil nach korrekt beantworteten Fragen

Anzahl Personen mit jedem Resultat

Ihre Resultats-Entwicklung

Sie haben dieses Quiz noch nicht gespielt